| 000 | 00789nam a2200217 a 4500 | ||
|---|---|---|---|
| 008 | 100928s2010 ||||||||||||||||| || u | ||
| 020 | _a9789810681449 | ||
| 050 | _aTS 176 Kal | ||
| 100 | _aKalpakjian, Serope | ||
| 245 | 1 | 0 |
_aManufacturing engineering and technology. (6th ed. in SI units.) _cby Serope Kalpakjian; Steven Schmid |
| 250 | _a6th ed. | ||
| 260 |
_aSingapore: _bPearson _c2010 |
||
| 300 | _axxxiv, 1180p.: ill | ||
| 350 | _a0.00 | ||
| 500 | _aSI Conversion by Hamidon Musa | ||
| 650 | _aENGINEERING | ||
| 650 | _aPRODUCTION ENGINEERING | ||
| 650 | _aMANUFACTURING PROCESSES | ||
| 700 | _aSchmid, Steven | ||
| 995 |
_D0.00 _FCBU-MAIN LIBRARY (Kitwe) _H1 _I0.00 _M1 _UDAMAGED _WOct 6, 2010 _ZMain Library Open Access Collection |
||
| 999 |
_c50316 _d50316 |
||